La política de la burocracia

Guardat en:
Dades bibliogràfiques
Autor principal: Peters, B. Guy (Autor)
Format: Llibre
Idioma:espanyol
Publicat: Ciudad de México Fondo de Cultura Económica 1999
Col·lecció:Nuevas Lecturas de Política y Gobierno
Matèries:
Etiquetes: Afegir etiqueta
Sense etiquetes, Sigues el primer a etiquetar aquest registre!

MARC

LEADER 00000nam a2200000 a 4500
001 UCO4446
003 CL-VaPUC
008 000804e19990000MX |||||||||||||||||spa|d
082 0 4 |a 351.001  |b PET  |2 21 
100 0 |a Peters, B. Guy  |e author  |9 448961 
245 1 3 |a La política de la burocracia 
300 |a 542 p 
942 |c BK 
945 |d 20000804 00:00:00  |a vberengu 
260 |a Ciudad de México  |b Fondo de Cultura Económica  |c 1999 
650 0 |a Administración pública   |9 255343 
650 0 |a Burocracia  |9 255511 
650 0 |a Política y gobierno  |9 255151 
650 7 |a SISTEMAS POLITICOS  |2 CL-VaPUC  |9 448962 
583 |a last modification  |c 20000804 00:00:00  |k Rodrigo Vera 
490 0 |a Nuevas Lecturas de Política y Gobierno 
999 |c 290487  |d 290485 
952 |0 0  |1 0  |4 0  |6 351_001000000000000_PET_1999  |7 0  |8 A  |9 339947  |a BIBDER  |b BIBDER  |d 2019-11-20  |i 3638839  |o 351.001 PET 1999  |p 3638839  |r 2023-01-25  |w 2019-11-20  |y BK  |k DER